header

Aerospace business law (Record no. 647)

MARC details
000 -LEADER
fixed length control field 01211nam a2200301 a 4500
082 04 - DEWEY DECIMAL CLASSIFICATION NUMBER
Classification number 343.7309/79
-- 347.303974
100 1# - MAIN ENTRY--AUTHOR NAME
Personal name D'Angelo, George V.
245 10 - TITLE STATEMENT
Title Aerospace business law
260 ## - PUBLICATION, DISTRIBUTION, ETC. (IMPRINT)
Place of publication Westport, Conn. :
Name of publisher Quorum Books,
Year of publication 1994.
300 ## - PHYSICAL DESCRIPTION
Number of Pages xi, 186 p.
650 #0 - SUBJECT ADDED ENTRY--TOPICAL TERM
Topical Term Space industrialization
Topical Term Space industrialization
856 40 - ELECTRONIC LOCATION AND ACCESS
Uniform Resource Identifier http://site.ebrary.com/lib/rucke/Doc?id=5003882

No items available.

© 2026 Rongo University
Contact us: librarian | system librarian | Rongo university